[Event "EU-ch (Women) 24th"]
[Site "Rhodes"]
[Date "2024.04.29"]
[Round "10"]
[White "Bulmaga, Irina"]
[Black "Tsolakidou, Stavroula"]
[Result "1/2-1/2"]
[WhiteElo "2394"]
[BlackElo "2424"]
[PlyCount "90"]
[EventDate "2024.04.19"]
[EventType "swiss"]
[EventRounds "10"]
[EventCountry "GRE"]
[SourceTitle "CB18_2024"]
[SourceDate "2024.05.01"]
[SourceVersion "1"]
[SourceVersionDate "2024.05.01"]
[SourceQuality "2"]

1. e4 c5 2. Nf3 d6 3. d4 cxd4 4. Nxd4 Nf6 5. Nc3 a6 6. Be3 e5 7. Nf3 Be7 8. Nd2 b5 9. a4 b4 10. Nd5 Nxd5 11. exd5 Nd7 12. a5 0-0 13. Nc4 f5 14. Qd2 Rb8 15. Ba7 Bg5 16. Qd1 Rb7 17. Bb6 Nxb6 18. axb6 Bd7 19. Nxd6 Rxb6 20. Nc4 Rh6 21. d6 Rh4 22. Qd5+ Kh8 23. Be2 Rd4 24. Qc5 Bb5 25. 0-0 Bxc4 26. Bxc4 Qxd6 27. Qxd6 Rxd6 28. Rxa6 Rd2 29. Bb3 e4 30. Ra5 g6 31. Rd5 Rxd5 32. Bxd5 Rc8 33. Bb3 Rd8 34. Re1 Bf6 35. Kf1 Bxb2 36. Ke2 f4 37. f3 e3 38. Rd1 Bd4 39. g3 g5 40. gxf4 gxf4 41. Rg1 Bc3 42. Rd1 Rf8 43. Rg1 h6 44. Rg4 Rf5 45. Bc4 Rf6 1/2-1/2

[Event "EU-ch (Women) 24th"]
[Site "Rhodes"]
[Date "2024.04.20"]
[Round "2"]
[White "Mgeladze, Kesaria"]
[Black "Tsolakidou, Stavroula"]
[Result "1-0"]
[WhiteElo "2094"]
[BlackElo "2424"]
[PlyCount "83"]
[EventDate "2024.04.19"]
[EventType "swiss"]
[EventRounds "10"]
[EventCountry "GRE"]
[SourceTitle "CB18_2024"]
[SourceDate "2024.05.01"]
[SourceVersion "1"]
[SourceVersionDate "2024.05.01"]
[SourceQuality "2"]

1. e4 c5 2. Nf3 d6 3. d4 cxd4 4. Nxd4 Nf6 5. Nc3 a6 6. f3 e5 7. Nb3 Be6 8. Be3 Be7 9. Qd2 0-0 10. 0-0-0 Nbd7 11. g4 b5 12. g5 b4 13. Ne2 Nh5 14. Ng3 a5 15. Nxh5 a4 16. Na1 Bxa2 17. Qxb4 d5 18. Qd2 Qb8 19. exd5 Bb4 20. Qd3 Rc8 21. Qb5 Qd6 22. Bh3 a3 23. b3 Bxb3 24. Qxd7 Qa6 25. Nf6+ gxf6 26. Bf1 Qa5 27. gxf6 a2 28. Qg4+ Kf8 29. Bh6+ Ke8 30. Bb5+ Qxb5 31. Qg8+ Kd7 32. Qxf7+ Kd8 33. Qg8+ Kc7 34. d6+ Bxd6 35. Qxb3 Ba3+ 36. Kd2 Rd8+ 37. Ke1 Rxd1+ 38. Kxd1 Rd8+ 39. Ke1 Bb4+ 40. Kf2 Bc5+ 41. Be3 Qd7 42. Qd3 1-0

[Event "Fagernes op"]
[Site "Fagernes"]
[Date "2024.03.27"]
[Round "5"]
[White "Eliseev, Sergey1"]
[Black "Tsolakidou, Stavroula"]
[Result "0-1"]
[WhiteElo "2131"]
[BlackElo "2424"]
[PlyCount "122"]
[EventDate "2024.03.24"]
[EventType "swiss"]
[EventRounds "9"]
[EventCountry "NOR"]
[SourceTitle "CB14_2024"]
[SourceDate "2024.04.01"]
[SourceVersion "1"]
[SourceVersionDate "2024.04.01"]
[SourceQuality "1"]

1. e4 c5 2. Nf3 Nc6 3. Nc3 e5 4. Bc4 g6 5. d3 h6 6. 0-0 Bg7 7. a3 d6 8. b4 Nge7 9. Nd5 0-0 10. c3 Kh7 11. Be3 b6 12. b5 Na5 13. Ba2 f5 14. exf5 Bxf5 15. Ng5+ Kh8 16. g4 Bd7 17. Ne4 Bxb5 18. g5 h5 19. Ng3 Nxd5 20. Bxd5 Bc6 21. Bxc6 Nxc6 22. Nxh5 Ne7 23. Ng3 Qd7 24. c4 Qh3 25. f3 Nf5 26. Nxf5 Rxf5 27. Ra2 Raf8 28. Raf2 R8f7 29. Qe2 Kg8 30. Bd2 Bf8 31. Qe4 Be7 32. Qg4 Rh7 33. Rg2 Rh4 34. Qxh3 Rxh3 35. Rg3 Rh5 36. f4 exf4 37. Bxf4 Rh4 38. Rgf3 d5 39. Kh1 dxc4 40. dxc4 Kg7 41. Bb8 Rxf3 42. Rxf3 Rxc4 43. Bxa7 b5 44. Rb3 b4 45. axb4 cxb4 46. Be3 Kf7 47. Kg2 Rc2+ 48. Kg3 Ke6 49. h4 Bd6+ 50. Kf3 Rh2 51. Ke4 Rxh4+ 52. Kd3 Kd5 53. Rb1 Rh3 54. Rd1 Be5 55. Ke2+ Ke4 56. Bc5 b3 57. Re1 Bc3 58. Rb1 Rh2+ 59. Bf2 Bd4 60. Rxb3 Rxf2+ 61. Ke1 Rg2 0-1

[Event "Wch Blitz (Women)"]
[Site "Samarkand"]
[Date "2023.12.29"]
[Round "6"]
[White "Shohradova, Lala"]
[Black "Tsolakidou, Stavroula"]
[Result "0-1"]
[WhiteElo "2025"]
[BlackElo "2427"]
[PlyCount "140"]
[EventDate "2023.12.29"]
[EventType "swiss (blitz)"]
[EventRounds "17"]
[EventCountry "UZB"]
[SourceTitle "CB01_2024"]
[SourceDate "2024.01.03"]
[SourceVersion "1"]
[SourceVersionDate "2024.01.03"]
[SourceQuality "1"]

1. d4 Nf6 2. c4 g6 3. Nc3 Bg7 4. g3 0-0 5. Bg2 d6 6. Nf3 c6 7. 0-0 Qb6 8. a3 Qa6 9. Nd2 e5 10. d5 cxd5 11. cxd5 Bd7 12. b4 Qb6 13. Bb2 Rc8 14. e4 a5 15. Qe2 axb4 16. axb4 Rxa1 17. Bxa1 Qxb4 18. Rb1 Qa5 19. Nc4 Qa6 20. Bf1 b5 21. Nd2 Bh6 22. Nb3 b4 23. Qxa6 Nxa6 24. Bxa6 Ra8 25. Bd3 bxc3 26. Bxc3 Rb8 27. Na5 Rxb1+ 28. Bxb1 Ne8 29. Bb4 f5 30. f3 Kf7 31. Nc4 Bf8 32. Kf2 Bb5 33. Nb6 fxe4 34. fxe4 Be7 35. Nc8 Bf8 36. Bc2 Bd7 37. Nb6 Bb5 38. Na8 Bd7 39. Bd3 Bc8 40. Bb5 Nf6 41. Nb6 Nxe4+ 42. Ke3 Bf5 43. g4 Bh6+ 44. Kf3 Ng5+ 45. Kg3 Ne4+ 46. Kh4 Bg5+ 47. Kh3 Nf2+ 48. Kg2 Nxg4 49. Bxd6 Ne3+ 50. Kf3 e4+ 51. Kf2 Ng4+ 52. Kg3 Nf6 53. h4 Nh5+ 54. Kg2 Bxh4 55. Nc4 Bf6 56. Be5 Bxe5 57. Nxe5+ Kf6 58. Nc4 Nf4+ 59. Kg3 Nxd5 60. Bc6 Ne7 61. Bb7 g5 62. Ne3 h5 63. Kf2 h4 64. Kg2 Ke5 65. Nc4+ Kf4 66. Nd6 h3+ 67. Kh2 g4 68. Ba6 g3+ 69. Kg1 h2+ 70. Kg2 Bg4 0-1

[Event "Wch Blitz (Women)"]
[Site "Samarkand"]
[Date "2023.12.29"]
[Round "7"]
[White "Tsolakidou, Stavroula"]
[Black "Kurmangaliyeva, Liya"]
[Result "1-0"]
[WhiteElo "2427"]
[BlackElo "2261"]
[PlyCount "55"]
[EventDate "2023.12.29"]
[EventType "swiss (blitz)"]
[EventRounds "17"]
[EventCountry "UZB"]
[SourceTitle "CB01_2024"]
[SourceDate "2024.01.03"]
[SourceVersion "1"]
[SourceVersionDate "2024.01.03"]
[SourceQuality "1"]

1. d4 d5 2. c4 e6 3. Nf3 Nf6 4. g3 Bb4+ 5. Nc3 0-0 6. Bg2 dxc4 7. 0-0 Nc6 8. a3 Be7 9. e4 a6 10. Be3 h6 11. Qe2 b5 12. Rad1 Bb7 13. Ne5 Nxe5 14. dxe5 Nd7 15. f4 Qe8 16. f5 Nxe5 17. f6 Bxf6 18. Rxf6 gxf6 19. Bxh6 Qc6 20. Qh5 Rfd8 21. Rf1 Qc5+ 22. Kh1 Qe7 23. Rf4 Ng6 24. Rh4 Nxh4 25. Qxh4 Kh7 26. Bg5+ Kg8 27. Bxf6 Qf8 28. Qh8# 1-0

[Event "Wch Blitz (Women)"]
[Site "Samarkand"]
[Date "2023.12.29"]
[Round "1"]
[White "Tsolakidou, Stavroula"]
[Black "Rudzinska, Michalina"]
[Result "0-1"]
[WhiteElo "2427"]
[BlackElo "2241"]
[PlyCount "88"]
[EventDate "2023.12.29"]
[EventType "swiss (blitz)"]
[EventRounds "17"]
[EventCountry "UZB"]
[SourceTitle "CB01_2024"]
[SourceDate "2024.01.03"]
[SourceVersion "1"]
[SourceVersionDate "2024.01.03"]
[SourceQuality "1"]

1. c4 e6 2. g3 d5 3. Bg2 Nf6 4. Nf3 dxc4 5. Qa4+ Bd7 6. Qxc4 c5 7. Ne5 Nc6 8. Nxc6 Bxc6 9. Bxc6+ bxc6 10. Nc3 Be7 11. Qa4 Qd7 12. 0-0 0-0 13. d3 Rab8 14. Qc2 Nd5 15. Ne4 Nb4 16. Qd1 f5 17. Nd2 Bf6 18. Nc4 e5 19. Bd2 Qd5 20. a3 Na6 21. Ne3 Qe6 22. Qc2 f4 23. Qc4 Nc7 24. Qxe6+ Nxe6 25. Nc4 Nd4 26. Rae1 f3 27. e4 Rfd8 28. Bc3 Ne2+ 29. Rxe2 fxe2 30. Re1 Rxd3 31. Rxe2 Re8 32. Kg2 Kf7 33. h4 Ke6 34. Re1 Red8 35. h5 Rd1 36. Re2 g6 37. hxg6 hxg6 38. Ne3 Rb1 39. Ng4 Rdd1 40. Nxf6 Rg1+ 41. Kf3 Kxf6 42. Ke3 Ke6 43. Kf3 Rbd1 44. Kg4 Kf6 0-1

[Event "Wch Rapid (Women)"]
[Site "Samarkand"]
[Date "2023.12.28"]
[Round "11"]
[White "Ovod, Evgenija"]
[Black "Tsolakidou, Stavroula"]
[Result "0-1"]
[WhiteElo "2260"]
[BlackElo "2427"]
[PlyCount "72"]
[EventDate "2023.12.26"]
[EventType "swiss (rapid)"]
[EventRounds "11"]
[EventCountry "UZB"]
[SourceTitle "CB01_2024"]
[SourceDate "2024.01.03"]
[SourceVersion "1"]
[SourceVersionDate "2024.01.03"]
[SourceQuality "1"]

1. d4 Nf6 2. Nf3 g6 3. Bf4 Bg7 4. e3 0-0 5. Be2 d6 6. h3 Nbd7 7. c4 b6 8. Nc3 Bb7 9. Qc2 e5 10. Bh2 exd4 11. exd4 Re8 12. d5 Nc5 13. 0-0 Bc8 14. Nd4 Nxd5 15. Nc6 Nxc3 16. Nxd8 Nxe2+ 17. Kh1 Bf5 18. Qd2 Ne4 19. Qd5 Raxd8 20. Rae1 Nd4 21. Qb7 Nxf2+ 22. Kg1 Ne2+ 23. Rxe2 Rxe2 24. Qxc7 Rc8 25. Qxd6 Ne4 26. Qf4 Bd4+ 27. Kh1 Nf2+ 28. Rxf2 Bxf2 29. Bg1 Bxg1 30. Kxg1 Rd8 31. h4 Rdd2 32. Kh1 Bh3 33. h5 Bxg2+ 34. Kh2 Bc6+ 35. Kg3 Rd3+ 36. Kh4 Re4 0-1

[Event "Wch Rapid (Women)"]
[Site "Samarkand"]
[Date "2023.12.28"]
[Round "9"]
[White "Tsolakidou, Stavroula"]
[Black "Sahithi Varshini, M."]
[Result "0-1"]
[WhiteElo "2427"]
[BlackElo "2181"]
[PlyCount "120"]
[EventDate "2023.12.26"]
[EventType "swiss (rapid)"]
[EventRounds "11"]
[EventCountry "UZB"]
[SourceTitle "CB01_2024"]
[SourceDate "2024.01.03"]
[SourceVersion "1"]
[SourceVersionDate "2024.01.03"]
[SourceQuality "1"]

1. e4 c5 2. Nf3 d6 3. Bb5+ Nd7 4. c3 Ngf6 5. Bd3 e6 6. Bc2 b5 7. d4 Bb7 8. Nbd2 Qc7 9. a4 bxa4 10. 0-0 a3 11. Rxa3 d5 12. exd5 Bxd5 13. c4 Bxf3 14. Qxf3 Rb8 15. d5 e5 16. Nb1 Rb6 17. Nc3 a6 18. Bg5 Bd6 19. b3 0-0 20. Rfa1 e4 21. Qh3 Bf4 22. Bxf4 Qxf4 23. Qe3 Qxe3 24. fxe3 Ng4 25. Rxa6 Rxa6 26. Rxa6 f5 27. Nd1 g5 28. h3 Nge5 29. Nc3 Kg7 30. d6 Rf6 31. Nd5 Re6 32. Ne7 Kf6 33. Nd5+ Kf7 34. Nc7 Rh6 35. Nd5 Kg7 36. Bd1 Re6 37. Ne7 Kf6 38. Be2 Nf7 39. g4 Rxd6 40. Rxd6+ Nxd6 41. Nxf5 Nxf5 42. gxf5 Ke5 43. Kf2 Nf6 44. Ke1 Kxf5 45. Kd2 h5 46. Kc3 g4 47. hxg4+ Nxg4 48. b4 cxb4+ 49. Kxb4 h4 50. Bf1 Nxe3 51. Bh3+ Ke5 52. c5 Kd4 53. c6 Nd5+ 54. Kb3 Kd3 55. Bf5 Nc7 56. Kb2 Ke3 57. Kc2 Kf4 58. Bd7 Kf3 59. Kd1 Kf2 60. Bg4 e3 0-1

[Event "Wroclaw POL-ROW (Women)"]
[Site "Wroclaw"]
[Date "2023.12.21"]
[Round "4.1"]
[White "Cyfka, Karina"]
[Black "Tsolakidou, Stavroula"]
[Result "1/2-1/2"]
[WhiteElo "2358"]
[BlackElo "2427"]
[PlyCount "60"]
[EventDate "2023.12.18"]
[EventType "team-schev"]
[EventRounds "5"]
[EventCountry "POL"]
[SourceTitle "CB52_2023"]
[SourceDate "2023.12.27"]
[SourceVersion "1"]
[SourceVersionDate "2023.12.27"]
[SourceQuality "1"]
[WhiteTeam "Poland"]
[BlackTeam "Rest of the World"]
[WhiteTeamCountry "POL"]

1. d4 Nf6 2. c4 g6 3. Nc3 Bg7 4. e4 d6 5. h3 0-0 6. Be3 Nc6 7. Nge2 e5 8. d5 Nd4 9. Nxd4 exd4 10. Bxd4 Nxe4 11. Bxg7 Re8 12. Be2 Kxg7 13. Qd4+ Qf6 14. Qxf6+ Kxf6 15. Nb5 Re7 16. 0-0 Bd7 17. Nd4 Rae8 18. Rfd1 h5 19. h4 Nc5 20. Bf1 a5 21. b3 Re4 22. f3 Re3 23. Kf2 Rc3 24. Rac1 Rxc1 25. Rxc1 Ke5 26. Nc2 Rb8 27. Re1+ Kf6 28. Rd1 Ke5 29. Re1+ Kf6 30. Rd1 Ke5 1/2-1/2

[Event "EU-chT (Women) 24th"]
[Site "Budva"]
[Date "2023.11.11"]
[Round "1.3"]
[White "Paehtz, Elisabeth"]
[Black "Tsolakidou, Stavroula"]
[Result "1/2-1/2"]
[WhiteElo "2473"]
[BlackElo "2389"]
[PlyCount "114"]
[EventDate "2023.11.11"]
[EventType "team-swiss"]
[EventRounds "9"]
[EventCountry "MNE"]
[SourceTitle "CB47_2023"]
[SourceDate "2023.11.22"]
[SourceVersion "1"]
[SourceVersionDate "2023.11.22"]
[SourceQuality "1"]
[WhiteTeam "Germany (W)"]
[BlackTeam "Greece (W)"]
[WhiteTeamCountry "GER"]
[BlackTeamCountry "GRE"]

1. e4 c5 2. Nf3 Nc6 3. Bb5 e5 4. 0-0 Bd6 5. d4 Nxd4 6. Nxd4 cxd4 7. c3 Bc5 8. b4 Bb6 9. Bb2 dxc3 10. Nxc3 Bd4 11. Qb3 Nf6 12. Nd5 a6 13. Bxd4 exd4 14. Bc4 0-0 15. Qd3 Nxd5 16. Bxd5 Qb6 17. Rfc1 d6 18. Rc4 Be6 19. Qxd4 Qxd4 20. Rxd4 Bxd5 21. Rxd5 Rac8 22. Rxd6 Rc4 23. Rb6 Rfc8 24. g3 R8c7 25. Rd1 g6 26. e5 Re4 27. Rd5 Kg7 28. a4 Re2 29. a5 Rc1+ 30. Kg2 Rcc2 31. Rf6 Rc7 32. h4 Re7 33. Rb6 Rc7 34. b5 axb5 35. Rdxb5 Rcc2 36. Rf6 Rxe5 37. Rxf7+ Kxf7 38. Rxe5 b6 39. axb6 Rb2 40. Rc5 Rxb6 41. Rc7+ Kg8 42. Kf3 Rb3+ 43. Kg2 h5 44. Kf1 Ra3 45. Ke2 Rb3 46. Rd7 Ra3 47. Rd3 Ra2+ 48. Ke3 Kg7 49. f3 Kf6 50. Ke4 Ra4+ 51. Rd4 Ra3 52. Kf4 Rb3 53. Ra4 Rc3 54. g4 hxg4 55. fxg4 Rc7 56. Rd4 Re7 57. g5+ Kf7 1/2-1/2

[Event "FIDE Grand Swiss (Women)"]
[Site "Douglas"]
[Date "2023.11.05"]
[Round "11"]
[White "Tsolakidou, Stavroula"]
[Black "Stefanova, Antoaneta"]
[Result "1/2-1/2"]
[WhiteElo "2385"]
[BlackElo "2424"]
[PlyCount "85"]
[EventDate "2023.10.25"]
[EventType "swiss"]
[EventRounds "11"]
[EventCountry "IOM"]
[SourceTitle "Mega2024 Update 01"]
[Source "Chessbase"]
[SourceDate "2023.11.12"]
[SourceVersion "1"]
[SourceVersionDate "2023.11.12"]
[SourceQuality "1"]

1. e4 e5 2. Nf3 Nc6 3. Bb5 a6 4. Ba4 Nf6 5. 0-0 Be7 6. Re1 b5 7. Bb3 d6 8. c3 0-0 9. h3 Bb7 10. d4 Re8 11. Nbd2 Bf8 12. a3 h6 13. Ba2 Nb8 14. d5 c6 15. c4 bxc4 16. dxc6 Bxc6 17. Bxc4 d5 18. exd5 Bxd5 19. Bxd5 Qxd5 20. Ne4 Qc6 21. Nxf6+ Qxf6 22. Bd2 Nc6 23. Bc3 Qd6 24. Qa4 f6 25. Qc4+ Qe6 26. Qxe6+ Rxe6 27. Rad1 Rc8 28. Rd7 Re7 29. Rd5 Kf7 30. Red1 Rec7 31. Nh4 g6 32. g4 Be7 33. Ng2 Nb8 34. f4 exf4 35. Nxf4 Rc4 36. Ne2 Nc6 37. Kg2 Rd8 38. Rxd8 Nxd8 39. Rd7 Ne6 40. Ra7 Rc6 41. a4 Ke8 42. Ra8+ Kf7 43. Ra7 1/2-1/2

[Event "FIDE Grand Swiss (Women)"]
[Site "Douglas"]
[Date "2023.11.02"]
[Round "8"]
[White "Tsolakidou, Stavroula"]
[Black "Assaubayeva, Bibissara"]
[Result "1/2-1/2"]
[WhiteElo "2385"]
[BlackElo "2469"]
[PlyCount "49"]
[EventDate "2023.10.25"]
[EventType "swiss"]
[EventRounds "11"]
[EventCountry "IOM"]
[SourceTitle "Mega2024 Update 01"]
[Source "Chessbase"]
[SourceDate "2023.11.12"]
[SourceVersion "1"]
[SourceVersionDate "2023.11.12"]
[SourceQuality "1"]

1. e4 e5 2. Nf3 Nc6 3. Bb5 a6 4. Ba4 d6 5. 0-0 Bd7 6. c4 g6 7. d4 Bg7 8. dxe5 dxe5 9. Bxc6 Bxc6 10. Qc2 Nf6 11. Nc3 Nd7 12. Rd1 0-0 13. b4 b6 14. b5 Bb7 15. Rb1 axb5 16. cxb5 Qc8 17. Nd5 Bxd5 18. Rxd5 Re8 19. Be3 Bf8 20. h3 Bd6 21. Bg5 Nc5 22. Bf6 Nd7 23. Bg5 Nc5 24. Bf6 Nd7 25. Bg5 1/2-1/2

[Event "FIDE Grand Swiss (Women)"]
[Site "Douglas"]
[Date "2023.11.01"]
[Round "7"]
[White "Tan, Zhongyi"]
[Black "Tsolakidou, Stavroula"]
[Result "1/2-1/2"]
[WhiteElo "2517"]
[BlackElo "2385"]
[PlyCount "76"]
[EventDate "2023.10.25"]
[EventType "swiss"]
[EventRounds "11"]
[EventCountry "IOM"]
[SourceTitle "Mega2024 Update 01"]
[Source "Chessbase"]
[SourceDate "2023.11.12"]
[SourceVersion "1"]
[SourceVersionDate "2023.11.12"]
[SourceQuality "1"]

1. d4 Nf6 2. c4 g6 3. Nc3 Bg7 4. g3 0-0 5. Bg2 d6 6. Nf3 Nbd7 7. 0-0 e5 8. e4 exd4 9. Nxd4 Re8 10. h3 Nc5 11. Re1 h6 12. Rb1 a5 13. b3 Bd7 14. Ndb5 Qc8 15. h4 Bg4 16. Qc2 Qd7 17. Bf4 Nh5 18. Be3 c6 19. Nd4 f5 20. Qd2 fxe4 21. Bxh6 Nf6 22. Na4 Nxa4 23. bxa4 Re7 24. Rb3 Qe8 25. Reb1 Bxh6 26. Qxh6 Qf7 27. Qg5 Rf8 28. R1b2 Bc8 29. Ne2 Qxc4 30. Nf4 Rg7 31. Qxa5 d5 32. Rc3 Qd4 33. Qb4 Qd1+ 34. Bf1 Nh5 35. Rb1 Qd2 36. Rb2 Qd1 37. Rb1 Qd2 38. Rb2 Qd1 1/2-1/2

[Event "FIDE Grand Swiss (Women)"]
[Site "Douglas"]
[Date "2023.10.28"]
[Round "4"]
[White "Javakhishvili, Lela"]
[Black "Tsolakidou, Stavroula"]
[Result "1/2-1/2"]
[WhiteElo "2437"]
[BlackElo "2385"]
[PlyCount "70"]
[EventDate "2023.10.25"]
[EventType "swiss"]
[EventRounds "11"]
[EventCountry "IOM"]
[SourceTitle "Mega2024 Update 01"]
[Source "Chessbase"]
[SourceDate "2023.11.12"]
[SourceVersion "1"]
[SourceVersionDate "2023.11.12"]
[SourceQuality "1"]

1. d4 Nf6 2. Nf3 g6 3. Nbd2 Bg7 4. e4 0-0 5. Bd3 d6 6. 0-0 c5 7. c3 cxd4 8. cxd4 Nc6 9. a3 Nd7 10. Nb3 a5 11. Be3 a4 12. Nc1 Nb6 13. h3 f5 14. exf5 Bxf5 15. Bxf5 Rxf5 16. Ne2 Nd5 17. Ng3 Rf8 18. Qd3 Qd7 19. Rae1 Rxf3 20. gxf3 Qxh3 21. Rd1 Nxd4 22. Qe4 Nxe3 23. Qxe3 e5 24. Qe4 Rf8 25. Rd3 Qd7 26. Qd5+ Kh8 27. Kg2 Ne6 28. Ne2 Qe7 29. Rg1 Rd8 30. Kf1 Nc5 31. Re3 Qd7 32. Rg4 Rf8 33. Kg2 b6 34. Rb4 Qc7 35. Rg4 Qd7 1/2-1/2

[Event "SRB-chT (Women) Div1"]
[Site "Senta"]
[Date "2023.10.14"]
[Round "5.1"]
[White "Tsolakidou, Stavroula"]
[Black "Sandu, Mihaela"]
[Result "1-0"]
[WhiteElo "2385"]
[BlackElo "2298"]
[PlyCount "89"]
[EventDate "2023.10.10"]
[EventType "team-tourn"]
[EventRounds "11"]
[EventCountry "SRB"]
[SourceTitle "Mega2024 Update 01"]
[Source "Chessbase"]
[SourceDate "2023.11.12"]
[SourceVersion "1"]
[SourceVersionDate "2023.11.12"]
[SourceQuality "1"]
[WhiteTeam "Nis Osnovac (W)"]
[BlackTeam "Kac Jugovic (W)"]
[WhiteTeamCountry "SRB"]
[BlackTeamCountry "SRB"]

1. c4 Nf6 2. g3 e6 3. Bg2 d5 4. Nf3 d4 5. 0-0 Nc6 6. d3 Bc5 7. Nbd2 0-0 8. Nb3 Be7 9. e3 dxe3 10. Bxe3 a5 11. h3 e5 12. a3 a4 13. Nc5 Nd4 14. Bxd4 exd4 15. Nxa4 Bd7 16. b3 Bc6 17. Re1 Bd6 18. Nh4 Bxg2 19. Kxg2 b5 20. cxb5 Qd7 21. b4 Rfe8 22. Rxe8+ Qxe8 23. Nb2 Qxb5 24. Nc4 Qd5+ 25. Kg1 Bf8 26. Rb1 g5 27. Nf3 h5 28. Nfd2 Qe6 29. Qf3 Rd8 30. Kg2 Rd5 31. Ne4 Rf5 32. Nxf6+ Rxf6 33. Qxh5 Qd5+ 34. f3 Qf5 35. Rd1 Re6 36. Qg4 Qf6 37. h4 Bg7 38. hxg5 Re2+ 39. Kf1 Qe7 40. f4 Rh2 41. Qf3 c5 42. b5 Qd7 43. b6 Qh3+ 44. Kg1 Ra2 45. b7 1-0

[Event "SRB-chT (Women) Div1"]
[Site "Senta"]
[Date "2023.10.13"]
[Round "4.1"]
[White "Rakhmangulova, Anastasiya"]
[Black "Tsolakidou, Stavroula"]
[Result "1/2-1/2"]
[WhiteElo "2354"]
[BlackElo "2385"]
[PlyCount "60"]
[EventDate "2023.10.10"]
[EventType "team-tourn"]
[EventRounds "11"]
[EventCountry "SRB"]
[SourceTitle "Mega2024 Update 01"]
[Source "Chessbase"]
[SourceDate "2023.11.12"]
[SourceVersion "1"]
[SourceVersionDate "2023.11.12"]
[SourceQuality "1"]
[WhiteTeam "Sremska Mitrovica Sirmium (W)"]
[BlackTeam "Nis Osnovac (W)"]
[WhiteTeamCountry "SRB"]
[BlackTeamCountry "SRB"]

1. e4 c5 2. Nf3 Nc6 3. d4 cxd4 4. Nxd4 Nf6 5. Nc3 e5 6. Ndb5 d6 7. Bg5 a6 8. Na3 b5 9. Nab1 Be7 10. Bxf6 Bxf6 11. a4 b4 12. Nd5 Bg5 13. Bc4 Be6 14. 0-0 0-0 15. Qd3 a5 16. c3 Qb8 17. Qg3 h6 18. Rd1 Qa7 19. h4 Bd8 20. Nd2 bxc3 21. bxc3 Qc5 22. Rab1 Rb8 23. Rxb8 Nxb8 24. Ne3 Nd7 25. Bxe6 fxe6 26. Qg4 Kf7 27. Ndc4 Bc7 28. Qh5+ Kg8 29. Qg4 Kf7 30. Qh5+ Kg8 1/2-1/2

[Event "EU-Cup (Women) 27th"]
[Site "Durres"]
[Date "2023.10.03"]
[Round "3.1"]
[White "Tsolakidou, Stavroula"]
[Black "Danielian, Elina"]
[Result "1-0"]
[WhiteElo "2385"]
[BlackElo "2416"]
[PlyCount "61"]
[EventDate "2023.10.01"]
[EventType "team-swiss"]
[EventRounds "7"]
[EventCountry "ALB"]
[SourceTitle "EXT 2024"]
[Source "ChessBase"]
[SourceDate "2023.10.10"]
[SourceVersion "1"]
[SourceVersionDate "2023.10.10"]
[SourceQuality "1"]
[WhiteTeam "Gambit Asseco See (W)"]
[BlackTeam "Crvena Zvezda (W)"]
[WhiteTeamCountry "MKD"]
[BlackTeamCountry "SRB"]

1. c4 e6 2. Nf3 Nf6 3. g3 d5 4. Bg2 dxc4 5. Qa4+ Nbd7 6. Qxc4 a6 7. Qc2 c5 8. Nc3 Bd6 9. d4 0-0 10. 0-0 cxd4 11. Nxd4 Qc7 12. Rd1 Rd8 13. Be3 h6 14. Bxh6 gxh6 15. Nxe6 fxe6 16. Qg6+ Kh8 17. Rac1 Rg8 18. Qxh6+ Nh7 19. Ne4 Bc5 20. Nxc5 Nxc5 21. Qe3 Qg7 22. Rxc5 Nf6 23. Rd4 Qe7 24. Qh6+ Nh7 25. Rh5 Ra7 26. Rdh4 Rg7 27. Be4 b6 28. Bxh7 Rxh7 29. Qg6 Qxh4 30. Rxh4 Rxh4 31. Qf6+ 1-0

[Event "GRE-chT 50th"]
[Site "Nikaia"]
[Date "2023.08.29"]
[Round "6.3"]
[White "Tsolakidou, Stavroula"]
[Black "Alexakis, Georgios"]
[Result "1-0"]
[WhiteElo "2378"]
[BlackElo "2188"]
[PlyCount "77"]
[EventDate "2023.08.25"]
[EventType "team"]
[EventRounds "9"]
[EventCountry "GRE"]
[SourceTitle "EXT 2024"]
[Source "ChessBase"]
[SourceDate "2023.10.10"]
[SourceVersion "1"]
[SourceVersionDate "2023.10.10"]
[SourceQuality "1"]
[WhiteTeam "Kavalas"]
[BlackTeam "Piraikos"]
[WhiteTeamCountry "GRE"]
[BlackTeamCountry "GRE"]

1. Nf3 c5 2. c4 Nc6 3. g3 g6 4. Bg2 Bg7 5. 0-0 e5 6. Nc3 Nge7 7. a3 0-0 8. Rb1 d5 9. cxd5 Nxd5 10. Nxd5 Qxd5 11. d3 Qd6 12. Ng5 b6 13. b4 cxb4 14. axb4 Bb7 15. b5 Na5 16. Ne4 Qd7 17. Bd2 f5 18. Bxa5 fxe4 19. Bc3 Rac8 20. Ba1 exd3 21. Bxb7 Qxb7 22. Qxd3 e4 23. Qe3 Bxa1 24. Rxa1 Rc5 25. Ra4 Rxb5 26. Rxe4 Qd5 27. Re7 Rf7 28. Re8+ Rf8 29. Rxf8+ Kxf8 30. Qa3+ Kg7 31. Qxa7+ Kh6 32. Qe7 Qe5 33. Qf8+ Kh5 34. h3 Qxe2 35. Qf4 g5 36. Qf7+ Kh6 37. Qf6+ Kh5 38. g4+ Kh4 39. Qh6# 1-0